000 00455cam a2200181 4500
001 D6482
008 090401t1982 xxu||||| |||| 00| 0 eng d
035 _a(Sirsi) u1102
041 _aeng
050 _a338.4769
100 _aLangford, D.A.
245 _aDirect labour organisations in the construction industry
260 _aAldershot, Hants
_bGower Press
_c1982
300 _aix. 135p. 23cm
350 _a15.45
942 _n0
948 _c04/03/1997
999 _c85630
_d85630